000 00684nam a2200217Ia 4500
003 GCL
008 140319s9999 xx 000 0 ara d
040 _aGCL /
_cGCL
082 0 4 _a212.6
_bع ح
100 1 _aعلى عبدالواحد وافى
245 1 0 _aحقوق الانسان فى الاسلام /
_cعلى عبدالواحد وافى
260 _a[S.N] :
_bدار نهضة مصر للطبع والنشر ،
_c1979
300 _a314 ص
490 _a
650 0 4 _aالاسلام
650 0 4 _aالعلم
650 0 4 _aالاخلاق الاسلامية
650 0 4 _aالاسلام والمجتمع
650 0 4 _aالاجتماع الاسلامى
942 _2ddc
_cBK
999 _c31244
_d31244